U.S. States with the Highest Percentage of Hispanics - Statistics

General Stats
  • This quiz has been taken 69,749 times
    69,301 since last reset
  • The average score is 8 of 10
Answer Stats
% State % Correct
40.8 California
98%
40.3 Texas
98%
49.1 New Mexico
97%
32.1 Arizona
92%
28.7 Florida
92%
20.2 New York
88%
30.6 Nevada
81%
23.2 Colorado
65%
23.5 New Jersey
50%
19.4 Illinois
46%
No matching quizzes found
Score Distribution
Percent of People with Each Score
Percentile by Number Answered
Your Score History
You have not taken this quiz since the last reset